<?xml version="1.0" encoding="UTF-8"?>
<record
    xmlns:xsi="http://www.w3.org/2001/XMLSchema-instance"
    xsi:schemaLocation="http://www.loc.gov/MARC21/slim http://www.loc.gov/standards/marcxml/schema/MARC21slim.xsd"
    xmlns="http://www.loc.gov/MARC21/slim">

  <leader>01039nam a22002177a 4500</leader>
  <controlfield tag="005">20170818145855.0</controlfield>
  <controlfield tag="008">170818b2003    sz |||||r|||| 00| 0 eng d</controlfield>
  <datafield tag="020" ind1=" " ind2=" ">
    <subfield code="a">2831707498</subfield>
  </datafield>
  <datafield tag="040" ind1=" " ind2=" ">
    <subfield code="a">CO-BoIAVH </subfield>
    <subfield code="c">CO-BoIAVH </subfield>
  </datafield>
  <datafield tag="041" ind1=" " ind2=" ">
    <subfield code="a">eng</subfield>
  </datafield>
  <datafield tag="044" ind1=" " ind2=" ">
    <subfield code="a">ne</subfield>
  </datafield>
  <datafield tag="082" ind1="1" ind2="4">
    <subfield code="a">333.720492</subfield>
    <subfield code="b">S89s</subfield>
  </datafield>
  <datafield tag="111" ind1="1" ind2=" ">
    <subfield code="a">Strategic round table on the role of protected areas and ecological networks in biodiversity policies (</subfield>
    <subfield code="c">The Hague, Netherlands, </subfield>
    <subfield code="d">5 y 6 de junio, 2003)</subfield>
  </datafield>
  <datafield tag="245" ind1="1" ind2="0">
    <subfield code="a">Strategic round table on the role of protected areas and ecological networks in biodiversity policies: </subfield>
    <subfield code="b">Memorias del Congreso</subfield>
  </datafield>
  <datafield tag="260" ind1=" " ind2=" ">
    <subfield code="a">The Hague, Netherlands:</subfield>
    <subfield code="b">Ministry of Agriculture, Nature  and Food Quality of the Netherlands;</subfield>
    <subfield code="b">Ministry of Foreign Affairs of the Netherlands,</subfield>
    <subfield code="c">2003.</subfield>
  </datafield>
  <datafield tag="300" ind1=" " ind2=" ">
    <subfield code="a">83 p&#xE1;ginas</subfield>
    <subfield code="b">presentaciones ppt</subfield>
  </datafield>
  <datafield tag="505" ind1=" " ind2=" ">
    <subfield code="a">Documento de res&#xFA;menes</subfield>
  </datafield>
  <datafield tag="650" ind1=" " ind2="0">
    <subfield code="a">&#xC1;reas protegidas </subfield>
    <subfield code="v">congresos, conferencias, etc.</subfield>
    <subfield code="z">Holanda</subfield>
  </datafield>
  <datafield tag="650" ind1=" " ind2="0">
    <subfield code="a">Redes ecol&#xF3;gicas</subfield>
    <subfield code="v">congresos, conferencias, etc.</subfield>
    <subfield code="z">Holanda</subfield>
  </datafield>
  <datafield tag="942" ind1=" " ind2=" ">
    <subfield code="2">ddc</subfield>
    <subfield code="c">LIBRO</subfield>
  </datafield>
  <datafield tag="999" ind1=" " ind2=" ">
    <subfield code="c">19755</subfield>
    <subfield code="d">19755</subfield>
  </datafield>
</record>
